Statistiques concernant Qui présidait la France en ... ? #1 (Quiz aléatoire)

Cliquez ici pour prendre le quiz!

Statistiques générales

  • Ce quiz a été pris 95 fois
    (62 depuis la dernière actualisation)
  • Le résultat moyen est 7 sur 12

Statistiques - réponses

Réponse% Correct
Charles de Gaulle
100%
Emmanuel Macron
100%
François Hollande
100%
Jacques Chirac
100%
Louis-Napoléon Bonaparte
100%
Valéry Giscard d'Estaing
89%
François Mitterrand
88%
Nicolas Sarkozy
86%
Georges Pompidou
83%
Adolphe Thiers
67%
Jules Grévy
67%
René Coty
57%
Raymond Poincaré
55%
Sadi Carnot
55%
Patrice de Mac Mahon
50%
Vincent Auriol
50%
Alain Poher
45%
Paul Doumer
44%
Émile Loubet
43%
Félix faure
43%
Alexandre Millerand
40%
Gaston Doumergue
30%
Albert Lebrun
29%
Jean Casimir-Perrier
29%
Armand Fallières
22%
Paul Deschanel
22%

Distribution des résultats

Percentile par nombre de réponses

% des personnes avec chaque résultat

Votre développement - résultats

Vous n’avez pas pris ce quiz depuis la dernière actualisation